| 000 | 00684cam a22002413a 4500 | ||
|---|---|---|---|
| 001 | 16561 | ||
| 003 | PGUSA | ||
| 005 | 20140828083343.0 | ||
| 008 | 050820s2005||||xxu|||||s|||||000 | eng d | ||
| 040 |
_aPGUSA _beng |
||
| 042 | _adc | ||
| 050 | 4 | _aB | |
| 100 | 1 |
_aErasmus, Desiderius, _d1469-1536 |
|
| 245 | 1 | 0 |
_aEncomium artis medicae _h[electronic resource] / _cDesiderius Erasmus |
| 260 |
_bProject Gutenberg, _c2005 |
||
| 506 | _aPublic domain in the USA. | ||
| 516 | _aElectronic text | ||
| 653 | _aPhilosophy, Medical | ||
| 653 | _aMedicine -- Vocational guidance | ||
| 830 | 0 |
_aProject Gutenberg _v16561 |
|
| 856 | 4 | 0 | _uhttp://www.gutenberg.org/ebooks/16561 |
| 942 | _cEB | ||
| 999 |
_c245816 _d245816 |
||